000 00540ntaaa2200205 4500
003 01
005 20251027203210.0
008 0714s1973 ag 01
040 _aAR-BaBN
_bspa
_cAR-BaBN
_eaacr
_dRIC
082 _a100 G16l
100 _aGarcía Morente, Manuel
_94987
245 _aLecciones preliminares de filosofía /
_cManuel García Morente
250 _a18va. ed.
260 _aBuenos Aires :
_bLosada,
_c1975
300 _a409 p.
490 _aBiblioteca filosófica
650 _aFILOSOFIA
659 _aFILOSOFIA
942 _cBK
999 _c27429
_d27429